Normal view
MARC view
- NON-DESTRUCTIVE TESTING. NON DESTRUCTIVE TESTING
Entry Topical Term
001 - CONTROL NUMBER
- control field: 61109
003 - CONTROL NUMBER IDENTIFIER
- control field: NUST
005 - DATE AND TIME OF LATEST TRANSACTION
- control field: 20210628202707.0
008 - FIXED-LENGTH DATA ELEMENTS
- fixed length control field: 210628|| aca||aabn | a|a d
040 ## - CATALOGING SOURCE
- Original cataloging agency: NUST
- Transcribing agency: NUST
150 ## - HEADING--TOPICAL TERM
- Topical term or geographic name entry element: NON-DESTRUCTIVE TESTING. NON DESTRUCTIVE TESTING
670 ## - SOURCE DATA FOUND
- Source citation: Work cat.: (NUST): Raj, Baldev Jayakumar, T Thavasimuthu ,M 61108, Practical non-destructive testing, 2002
